[Event "Crawley e2e4 Gatwick op U1950"]
[Site "Crawley"]
[Date "2016.02.20"]
[Round "2"]
[White "Papier, Alan"]
[Black "Waters, Andrew"]
[Result "0-1"]
[WhiteElo "1733"]
[BlackElo "1801"]
[PlyCount "72"]
[EventDate "2016.02.19"]
[EventType "swiss"]
[EventRounds "5"]
[EventCountry "ENG"]
[SourceTitle "EXT 2019"]
[Source "ChessBase"]
[SourceDate "2018.10.10"]
[SourceVersion "1"]
[SourceVersionDate "2018.10.10"]
[SourceQuality "1"]

1. Nf3 f5 2. d4 Nf6 3. c4 g6 4. g3 Bg7 5. Nc3 0-0 6. b4 c6 7. Bg2 Na6 8. Rb1 Ne4 9. Nxe4 fxe4 10. Ng5 d5 11. cxd5 cxd5 12. 0-0 h6 13. Nh3 Bf5 14. Be3 g5 15. f3 exf3 16. exf3 Bxb1 17. Qxb1 Qd6 18. a3 Rac8 19. Qb3 e6 20. Re1 Nc7 21. f4 g4 22. Nf2 h5 23. Nd3 b6 24. Bf2 Bf6 25. f5 exf5 26. Nf4 Rfe8 27. Rd1 h4 28. Nxd5 Nxd5 29. Bxd5+ Kg7 30. gxh4 Rcd8 31. Bg2 Re2 32. Qd3 Rxf2 33. Kxf2 Bxd4+ 34. Ke2 Qxh2 35. Qxf5 Qxg2+ 36. Kd3 Bf6+ 0-1

[Event "Witney op-B"]
[Site "Witney"]
[Date "2015.10.17"]
[Round "3"]
[White "Neatherway, A Philip"]
[Black "Papier, Alan"]
[Result "1-0"]
[WhiteElo "1860"]
[BlackElo "1779"]
[PlyCount "81"]
[EventDate "2015.10.17"]
[EventType "swiss"]
[EventRounds "5"]
[EventCountry "ENG"]
[SourceTitle "CBM 169 Extra"]
[Source "ChessBase"]
[SourceDate "2015.12.18"]
[SourceVersion "1"]
[SourceVersionDate "2015.12.18"]
[SourceQuality "1"]

1. e4 c5 2. Nf3 g6 3. d4 cxd4 4. Nxd4 Nc6 5. Be3 Nf6 6. Nc3 Bg7 7. Bc4 Qa5 8. 0-0 0-0 9. Bb3 d6 10. h3 Bd7 11. Re1 Rac8 12. f4 Nxd4 13. Bxd4 b5 14. Bxf6 Bxf6 15. e5 Bh4 16. Re2 Qb6+ 17. Kh1 Qb7 18. Rd2 Bxh3 19. Bd5 Qd7 20. gxh3 Qxh3+ 21. Rh2 Qg3 22. Qf3 Qxf3+ 23. Bxf3 Bg3 24. Re2 Bxf4 25. Nd5 Bg5 26. Rg1 h6 27. Rxg5 hxg5 28. Nxe7+ Kg7 29. Nxc8 Rxc8 30. exd6 Rd8 31. Rd2 Kf6 32. Bc6 b4 33. d7 Ke6 34. Re2+ Kd6 35. Re8 Kc7 36. Kg2 f5 37. Re6 g4 38. Rxg6 f4 39. Ba4 f3+ 40. Kf2 Rh8 41. Rxg4 1-0

[Event "BCF-ch U160"]
[Site "Coventry"]
[Date "2015.08.07"]
[Round "5"]
[White "Goodwin, Ed H"]
[Black "Papier, Alan"]
[Result "0-1"]
[WhiteElo "1795"]
[BlackElo "1752"]
[PlyCount "56"]
[EventDate "2015.08.03"]
[EventType "swiss"]
[EventRounds "5"]
[EventCountry "ENG"]
[SourceTitle "CBM 167 Extra"]
[Source "ChessBase"]
[SourceDate "2015.09.14"]
[SourceVersion "1"]
[SourceVersionDate "2015.09.14"]
[SourceQuality "1"]

1. d4 Nf6 2. c4 g6 3. Nc3 d5 4. cxd5 Nxd5 5. Bd2 Bg7 6. e4 Nb6 7. Be3 0-0 8. h3 c5 9. d5 f5 10. Bd3 N8d7 11. Nf3 fxe4 12. Bxe4 Nf6 13. Bc2 Nfxd5 14. Nxd5 Nxd5 15. Bb3 e6 16. Qe2 Nxe3 17. fxe3 Qa5+ 18. Kf2 Kh8 19. Rhd1 b5 20. a4 b4 21. Kg1 Ba6 22. Qc2 e5 23. Rd5 e4 24. Rxc5 Qb6 25. Nd4 Bd3 26. a5 Qf6 27. Qd2 Bh6 28. Bc4 Qxd4 0-1

[Event "BCF-ch Seniors 65 U150"]
[Site "Coventry"]
[Date "2015.08.06"]
[Round "4"]
[White "Papier, Alan"]
[Black "Norman, Dinah M"]
[Result "1/2-1/2"]
[WhiteElo "1752"]
[BlackElo "1839"]
[PlyCount "132"]
[EventDate "2015.08.03"]
[EventType "swiss"]
[EventRounds "5"]
[EventCountry "ENG"]
[SourceTitle "CBM 167 Extra"]
[Source "ChessBase"]
[SourceDate "2015.09.14"]
[SourceVersion "1"]
[SourceVersionDate "2015.09.14"]
[SourceQuality "1"]

1. Nf3 d5 2. d4 Nf6 3. c4 c6 4. Qc2 e6 5. g3 Nbd7 6. Bg2 Be7 7. 0-0 0-0 8. Nbd2 b6 9. b3 Bb7 10. Bb2 a5 11. Rfe1 Re8 12. e4 Nf8 13. Rac1 Rc8 14. Ne5 h6 15. Qd3 N8h7 16. f4 dxe4 17. Nxe4 Nxe4 18. Bxe4 Nf8 19. Qf3 Qc7 20. d5 Bc5+ 21. Kf1 cxd5 22. cxd5 Bxd5 23. Bxd5 exd5 24. Qxd5 Rcd8 25. Qf3 Qa7 26. Qg4 f6 27. Nc4 Rxe1+ 28. Rxe1 Qf7 29. Rd1 Rxd1+ 30. Qxd1 Qb7 31. Ke2 Qg2+ 32. Kd3 Qd5+ 33. Kc2 Qxd1+ 34. Kxd1 Kf7 35. Ke2 g5 36. fxg5 hxg5 37. Kd3 Ke6 38. g4 Ng6 39. Ke4 Ne7 40. Bd4 Bxd4 41. Kxd4 Nc6+ 42. Ke4 b5 43. Ne3 Ne7 44. h3 Nc6 45. Nd5 b4 46. Ne3 Ne5 47. Nc4 Nc6 48. Ne3 Ne5 49. Nf5 Nc6 50. Ng7+ Kf7 51. Nf5 Ke6 52. Ng7+ Kf7 53. Nf5 Ke6 54. Ng3 Ne5 55. Kd4 Kd6 56. Ne4+ Ke6 57. Kc5 Nd3+ 58. Kb5 Nc1 59. Kxa5 Nxa2 60. Nc5+ Ke5 61. Nd3+ Kd4 62. Nxb4 Nxb4 63. Kxb4 Ke4 64. Ka3 f5 65. gxf5 Kxf5 66. Kb2 g4 1/2-1/2

[Event "BCF-ch Seniors 65 U150"]
[Site "Coventry"]
[Date "2015.08.04"]
[Round "2"]
[White "Papier, Alan"]
[Black "Simpson, Derek"]
[Result "0-1"]
[WhiteElo "1752"]
[BlackElo "1581"]
[PlyCount "122"]
[EventDate "2015.08.03"]
[EventType "swiss"]
[EventRounds "5"]
[EventCountry "ENG"]
[SourceTitle "CBM 167 Extra"]
[Source "ChessBase"]
[SourceDate "2015.09.14"]
[SourceVersion "1"]
[SourceVersionDate "2015.09.14"]
[SourceQuality "1"]

1. Nf3 Nf6 2. c4 d5 3. cxd5 Qxd5 4. Nc3 Qa5 5. e4 e5 6. Qb3 Bd6 7. Bc4 0-0 8. Ng5 h6 9. Nxf7 Kh7 10. Nxd6 cxd6 11. 0-0 a6 12. Bd3 Nc6 13. Nd5 Nd4 14. Qb6 Qxb6 15. Nxb6 Rb8 16. Nxc8 Rbxc8 17. b3 Nd7 18. Ba3 Nc5 19. Bxc5 Rxc5 20. Rac1 Rfc8 21. Rxc5 Rxc5 22. f4 Ra5 23. fxe5 dxe5 24. Rf7 Rxa2 25. Rxb7 a5 26. Re7 Nxb3 27. Rxe5 Rxd2 28. Bc4 a4 29. Re8 Rd4 30. Bg8+ Kg6 31. Re6+ Kg5 32. g3 Rd1+ 33. Kf2 Rd2+ 34. Ke3 Rxh2 35. Bh7 Re2+ 36. Kxe2 Nd4+ 37. Kd3 Nxe6 38. Bg8 Kf6 39. Kc4 a3 40. Kb3 Nc5+ 41. Kxa3 Nxe4 42. Kb3 Nxg3 43. Kc2 h5 44. Bd5 h4 45. Bg2 Ke5 46. Kd2 Kf4 47. Ke1 g5 48. Kf2 g4 49. Kg1 Ke3 50. Kh2 Kf2 51. Bh3 Nf1+ 52. Kh1 Ng3+ 53. Kh2 gxh3 54. Kxh3 Nf5 55. Kh2 Kf3 56. Kh3 Kf4 57. Kg2 Kg4 58. Kh2 Ne3 59. Kg1 Kg3 60. Kh1 Ng4 61. Kg1 Nf2 0-1

[Event "BCF-ch Seniors 65 U150"]
[Site "Coventry"]
[Date "2015.08.03"]
[Round "1"]
[White "Peate, John A"]
[Black "Papier, Alan"]
[Result "0-1"]
[WhiteElo "120"]
[BlackElo "1752"]
[PlyCount "80"]
[EventDate "2015.08.03"]
[EventType "swiss"]
[EventRounds "5"]
[EventCountry "ENG"]
[SourceTitle "CBM 167 Extra"]
[Source "ChessBase"]
[SourceDate "2015.09.14"]
[SourceVersion "1"]
[SourceVersionDate "2015.09.14"]
[SourceQuality "1"]

1. d4 Nf6 2. c4 g6 3. Nc3 d5 4. cxd5 Nxd5 5. e4 Nxc3 6. bxc3 Bg7 7. Nf3 c5 8. Bb5+ Bd7 9. Bxd7+ Nxd7 10. 0-0 0-0 11. Re1 Qc7 12. e5 Rfd8 13. Bf4 cxd4 14. cxd4 Nb6 15. Rc1 Qd7 16. Bg3 Nd5 17. Ng5 Qf5 18. Ne4 Rac8 19. Rxc8 Rxc8 20. f3 b6 21. Qb3 Qd7 22. Rd1 Bh6 23. Bf2 Qc6 24. Bg3 Qc2 25. Qxc2 Rxc2 26. a4 Ra2 27. f4 Rxa4 28. Rc1 Bf8 29. Rc8 Kg7 30. Ng5 e6 31. Nxh7 Kxh7 32. Rxf8 Kg7 33. Rd8 b5 34. Rb8 b4 35. Kf1 Ra1+ 36. Be1 a5 37. Ke2 Ra3 38. Bd2 b3 39. Bc1 Ra2+ 40. Kf3 Nb4 0-1

[Event "Lisbon Christmas op"]
[Site "Lisbon"]
[Date "2014.12.28"]
[Round "4"]
[White "Sousa, Joao Rui"]
[Black "Papier, Alan"]
[Result "1/2-1/2"]
[WhiteElo "1517"]
[BlackElo "1739"]
[PlyCount "133"]
[EventDate "2014.12.26"]
[EventType "swiss"]
[EventRounds "9"]
[EventCountry "POR"]
[SourceTitle "EXT 2018"]
[Source "ChessBase"]
[SourceDate "2017.10.13"]
[SourceVersion "1"]
[SourceVersionDate "2017.10.13"]
[SourceQuality "1"]

1. e4 c5 2. Nf3 g6 3. d4 cxd4 4. Qxd4 Nf6 5. Nc3 Nc6 6. Qa4 d6 7. e5 Ng4 8. Bf4 Qb6 9. Nd1 Bd7 10. Qb3 Ncxe5 11. Qxb6 axb6 12. h3 Nxf3+ 13. gxf3 Ne5 14. Bxe5 dxe5 15. Nc3 Bc6 16. Bb5 Bh6 17. Ke2 0-0 18. Rhd1 Rfd8 19. Rd3 Rxd3 20. Bxd3 b5 21. Bxb5 Bxb5+ 22. Nxb5 Rc8 23. c3 Kg7 24. Rd1 Kf6 25. Rd7 b6 26. b3 Ke6 27. Rd3 Rc5 28. a4 Kf5 29. Rd7 Bg5 30. c4 Bf6 31. Rc7 Ke6 32. b4 Rxc7 33. Nxc7+ Kd7 34. Nd5 Kc6 35. Kd3 Bh4 36. Ke4 e6 37. Nc3 f6 38. Ke3 Bg5+ 39. Kd3 f5 40. Ne2 Be7 41. Kc3 g5 42. Ng3 Bf6 43. Kd3 Be7 44. Kc3 Kd7 45. a5 bxa5 46. bxa5 Bc5 47. Nh5 Ke7 48. a6 Bxf2 49. Ng3 Kd6 50. Kb3 Kc6 51. Nh5 e4 52. fxe4 g4 53. hxg4 fxg4 54. Nf4 g3 55. Ng2 Bd4 56. Kc2 Kb6 57. Kd3 Bf6 58. Ke3 h5 59. Kf4 h4 60. e5 Be7 61. Kg4 Kxa6 62. Nf4 Kb6 63. Kh3 Kc5 64. Nxe6+ Kxc4 65. Ng7 Kd5 66. Nf5 Bd8 67. Nxg3 1/2-1/2

[Event "Lisbon Christmas op"]
[Site "Lisbon"]
[Date "2014.12.27"]
[Round "3"]
[White "Papier, Alan"]
[Black "Guimaraes, Rui"]
[Result "0-1"]
[WhiteElo "1739"]
[BlackElo "2067"]
[PlyCount "66"]
[EventDate "2014.12.26"]
[EventType "swiss"]
[EventRounds "9"]
[EventCountry "POR"]
[SourceTitle "EXT 2018"]
[Source "ChessBase"]
[SourceDate "2017.10.13"]
[SourceVersion "1"]
[SourceVersionDate "2017.10.13"]
[SourceQuality "1"]

1. Nf3 g6 2. c4 Bg7 3. d4 c5 4. Nc3 cxd4 5. Nxd4 Nc6 6. Nc2 d6 7. e4 Be6 8. Be2 Ne5 9. Ne3 Rc8 10. Qa4+ Qd7 11. Qxd7+ Kxd7 12. Ncd5 f5 13. f4 Nc6 14. exf5 gxf5 15. 0-0 Nf6 16. Rd1 Ne4 17. a4 Rhf8 18. Ra3 Bg8 19. Bd2 Nd4 20. Bd3 Nxd2 21. Rxd2 e6 22. Nc3 Bh6 23. Rf2 e5 24. Ned5 exf4 25. Nxf4 Bxc4 26. Nce2 Nxe2+ 27. Bxe2 Bxf4 28. g3 Be5 29. Bxc4 Rxc4 30. Kg2 f4 31. Rb3 b6 32. a5 Kc6 33. axb6 axb6 0-1

[Event "BCF-ch Atkins op"]
[Site "Aberystwyth"]
[Date "2014.07.27"]
[Round "3"]
[White "Papier, Alan"]
[Black "London, Nick J"]
[Result "1-0"]
[WhiteElo "1689"]
[BlackElo "1930"]
[PlyCount "121"]
[EventDate "2014.07.25"]
[EventType "tourn"]
[EventRounds "5"]
[EventCountry "WLS"]
[SourceTitle "EXT 2017"]
[Source "ChessBase"]
[SourceDate "2016.10.25"]
[SourceVersion "1"]
[SourceVersionDate "2016.10.25"]
[SourceQuality "1"]

1. Nf3 d5 2. d4 c6 3. g3 e6 4. Bg2 f5 5. 0-0 Nf6 6. Nbd2 Bd6 7. c4 0-0 8. Qc2 Ne4 9. Ne1 Qf6 10. Ndf3 Nd7 11. Nd3 h6 12. Bf4 Bxf4 13. Nxf4 g5 14. Nd3 Qg7 15. Rac1 Ndf6 16. Nfe5 Bd7 17. cxd5 exd5 18. f3 Nd6 19. a4 Nh5 20. a5 a6 21. Qc5 Nb5 22. e3 Rae8 23. Rf2 Bc8 24. Rcf1 Nf6 25. Qb4 Nd7 26. Nxd7 Bxd7 27. Ne5 Bc8 28. e4 Nxd4 29. Qxd4 Qxe5 30. Qxe5 Rxe5 31. f4 gxf4 32. gxf4 Rxe4 33. Bxe4 fxe4 34. Rg2+ Kf7 35. Rc1 Rg8 36. Rxg8 Kxg8 37. Kf2 Kf7 38. Ke3 Ke6 39. Rg1 Kf7 40. Kd4 Bf5 41. Ke5 Bg6 42. f5 Bh5 43. f6 Bg6 44. Rg3 d4 45. Kxd4 Kxf6 46. Rb3 Bf7 47. Rxb7 Bd5 48. Rb6 Kf5 49. Ke3 Kg4 50. Rxa6 Kh3 51. Ra7 h5 52. Rg7 h4 53. a6 Kxh2 54. a7 c5 55. Rg8 h3 56. a8Q Bxa8 57. Rxa8 Kg2 58. Rg8+ Kf1 59. Kxe4 h2 60. Rh8 Kg2 61. Kd5 1-0

[Event "BCF-ch Atkins op"]
[Site "Aberystwyth"]
[Date "2014.07.27"]
[Round "5"]
[White "Wilks, Simon"]
[Black "Papier, Alan"]
[Result "1-0"]
[WhiteElo "2154"]
[BlackElo "1689"]
[PlyCount "71"]
[EventDate "2014.07.25"]
[EventType "tourn"]
[EventRounds "5"]
[EventCountry "WLS"]
[SourceTitle "EXT 2017"]
[Source "ChessBase"]
[SourceDate "2016.10.25"]
[SourceVersion "1"]
[SourceVersionDate "2016.10.25"]
[SourceQuality "1"]

1. e4 c5 2. Nc3 g6 3. f4 Nc6 4. Bb5 Nd4 5. Nf3 Bg7 6. 0-0 a6 7. Bc4 b5 8. Bd5 Rb8 9. a3 Nf6 10. d3 Nxd5 11. Nxd5 0-0 12. Nxd4 cxd4 13. f5 Bb7 14. Bf4 d6 15. f6 exf6 16. Qf3 Bxd5 17. exd5 Qb6 18. Qg3 Rfd8 19. h4 Qc5 20. Qf3 f5 21. b4 Qxc2 22. Rfc1 Qb3 23. Rcb1 Qa4 24. Qg3 Rd7 25. h5 Qc2 26. Re1 Qc7 27. Rac1 Qd8 28. Rc6 Be5 29. Bxe5 dxe5 30. Rxe5 Rxd5 31. Rxd5 Qxd5 32. Qxb8+ Kg7 33. Qd6 Qb3 34. Qxd4+ Kh6 35. Qe3+ Kxh5 36. Rxa6 1-0

[Event "Hampstead op U2200 10"]
[Site "Hampstead"]
[Date "2013.10.26"]
[Round "2"]
[White "Papier, Alan"]
[Black "Hirjee, Shezan"]
[Result "1-0"]
[WhiteElo "1667"]
[BlackElo "1500"]
[PlyCount "121"]
[EventDate "2013.10.26"]
[EventType "swiss"]
[EventRounds "5"]
[EventCountry "ENG"]
[SourceTitle "EXT 2015"]
[Source "ChessBase"]
[SourceDate "2014.11.20"]
[SourceVersion "1"]
[SourceVersionDate "2014.11.20"]
[SourceQuality "1"]

1. Nf3 d5 2. c4 e6 3. g3 Nf6 4. Bg2 c5 5. 0-0 Nc6 6. cxd5 Nxd5 7. Nc3 Be7 8. d4 cxd4 9. Nxd4 Nxd4 10. Qxd4 Nf6 11. Qxd8+ Bxd8 12. Bf4 0-0 13. Nb5 Bd7 14. Nd6 Bc7 15. Nxb7 Bxf4 16. gxf4 Rab8 17. b3 Nd5 18. Bxd5 exd5 19. Nc5 Bb5 20. Rfe1 Rbc8 21. Rac1 Rfe8 22. Kf1 f6 23. a4 Bc6 24. f3 Kf7 25. b4 Re3 26. Kf2 Rce8 27. b5 Ba8 28. f5 R3e5 29. Na6 Rxf5 30. Rc7+ Re7 31. Rec1 Rfe5 32. Rxe7+ Rxe7 33. Nc7 Bb7 34. a5 d4 35. a6 Bc8 36. b6 axb6 37. a7 Bb7 38. a8Q Bxa8 39. Nxa8 b5 40. Nb6 Rb7 41. Nd5 b4 42. Rb1 b3 43. Ke1 Ke6 44. Nf4+ Ke5 45. Nd3+ Kd5 46. Kd2 g5 47. h4 h5 48. hxg5 fxg5 49. Rg1 Rg7 50. Nb2 g4 51. fxg4 Rxg4 52. Rf1 Ke4 53. Rf7 Rg1 54. Rb7 h4 55. Rxb3 Rg3 56. Nd3 Re3 57. Rb7 Kd5 58. Rh7 Re4 59. Rh5+ Kc6 60. Ne5+ Kd5 61. Nf3+ 1-0

[Event "British-ch 5-day op AM Week 1"]
[Site "Torquay"]
[Date "2013.08.02"]
[Round "5.11"]
[White "Papier, Alan"]
[Black "Shaw, Meyrick"]
[Result "1/2-1/2"]
[WhiteElo "1656"]
[BlackElo "2026"]
[PlyCount "35"]
[EventDate "2013.07.29"]
[EventType "swiss"]
[EventRounds "5"]
[EventCountry "ENG"]
[SourceTitle "EXT 2023"]
[Source "ChessBase"]
[SourceDate "2022.10.05"]
[SourceVersion "1"]
[SourceVersionDate "2022.10.05"]
[SourceQuality "1"]

1. Nf3 b6 2. g3 Bb7 3. Bg2 Nf6 4. c4 e5 5. 0-0 d6 6. Nc3 g6 7. d4 exd4 8. Qxd4 Bg7 9. Qe3+ Qe7 10. Qxe7+ Kxe7 11. e4 Re8 12. Nd5+ Nxd5 13. exd5 Nd7 14. Bg5+ Kf8 15. Rab1 Ba6 16. b3 Re2 17. Bd2 Ne5 18. Rbd1 1/2-1/2

[Event "British-ch 5-day op AM Week 1"]
[Site "Torquay"]
[Date "2013.08.01"]
[Round "4.10"]
[White "Taylor, Dale C"]
[Black "Papier, Alan"]
[Result "1-0"]
[WhiteElo "1938"]
[BlackElo "1656"]
[PlyCount "49"]
[EventDate "2013.07.29"]
[EventType "swiss"]
[EventRounds "5"]
[EventCountry "ENG"]
[SourceTitle "EXT 2023"]
[Source "ChessBase"]
[SourceDate "2022.10.05"]
[SourceVersion "1"]
[SourceVersionDate "2022.10.05"]
[SourceQuality "1"]

1. Nf3 Nf6 2. c4 g6 3. Nc3 d5 4. Qa4+ c6 5. cxd5 Nxd5 6. Qd4 f6 7. e4 e5 8. Nxe5 fxe5 9. Qxe5+ Ne7 10. Qxh8 Be6 11. d4 Nd7 12. Be2 Qb6 13. 0-0 0-0-0 14. d5 cxd5 15. exd5 Bf7 16. Qxh7 Bg8 17. Qh3 Bg7 18. Be3 Qxb2 19. Rab1 Qxc3 20. Rfc1 Nxd5 21. Bxa7 Re8 22. Rxc3+ Nxc3 23. Bg4 Re7 24. Bxd7+ Rxd7 25. Rxb7 1-0

[Event "Gatwick e2e4 Major-E"]
[Site "Crawley"]
[Date "2012.08.20"]
[Round "4"]
[White "Papier, Alan"]
[Black "Lavelle, Terry WT"]
[Result "0-1"]
[WhiteElo "1737"]
[BlackElo "1451"]
[PlyCount "116"]
[EventDate "2012.08.18"]
[EventType "tourn"]
[EventRounds "9"]
[EventCountry "ENG"]
[SourceTitle "EXT 2014"]
[Source "ChessBase"]
[SourceDate "2013.11.20"]
[SourceVersion "1"]
[SourceVersionDate "2013.11.20"]
[SourceQuality "1"]

1. Nf3 c5 2. c4 e6 3. g3 d5 4. cxd5 exd5 5. d4 Nc6 6. Bg2 Nf6 7. 0-0 Be7 8. Nc3 0-0 9. Bg5 c4 10. b3 h6 11. Bxf6 Bxf6 12. Rc1 cxb3 13. axb3 Be6 14. e3 Rc8 15. Nd2 Nb4 16. Ndb1 Qd7 17. Qe2 Rfd8 18. Rfd1 b6 19. Na2 Be7 20. Nbc3 Nxa2 21. Qxa2 a5 22. Bf1 Bh3 23. Qe2 Bxf1 24. Qxf1 Rc6 25. Qb5 Qe6 26. Ne2 Rxc1 27. Rxc1 g5 28. Rc6 Rd6 29. Rc7 Kf8 30. Qa6 h5 31. Rc8+ Rd8 32. Rxd8+ Bxd8 33. Qb7 h4 34. Nc3 hxg3 35. hxg3 Kg7 36. Qxd5 Qc8 37. Qc4 Qf5 38. e4 Qf3 39. e5 g4 40. d5 b5 41. Qxb5 Qxc3 42. Qd7 Qe1+ 43. Kg2 Qxe5 44. Qxd8 Qe4+ 45. Kh2 Qh7+ 46. Qh4 Qf5 47. Kg1 Qxd5 48. Qxg4+ Kf8 49. Qc8+ Kg7 50. Qc2 Qd4 51. Kf1 Qe5 52. Qe2 Qd5 53. Qc4 Qxc4+ 54. bxc4 a4 55. c5 a3 56. c6 a2 57. c7 a1Q+ 58. Kg2 Qc3 0-1

[Event "Buxton e2e4 Major op 06"]
[Site "Buxton"]
[Date "2012.06.29"]
[Round "1"]
[White "Papier, Alan"]
[Black "Lawson, Maurice Elliot"]
[Result "0-1"]
[WhiteElo "1717"]
[BlackElo "1877"]
[PlyCount "142"]
[EventDate "2012.06.29"]
[EventType "swiss"]
[EventRounds "5"]
[EventCountry "ENG"]
[SourceTitle "EXT 2014"]
[Source "ChessBase"]
[SourceDate "2013.11.20"]
[SourceVersion "1"]
[SourceVersionDate "2013.11.20"]
[SourceQuality "1"]

1. Nf3 Nf6 2. c4 g6 3. g3 Bg7 4. Bg2 d6 5. d4 0-0 6. 0-0 Nbd7 7. Nc3 c6 8. h3 e5 9. e4 Re8 10. Be3 a6 11. a4 a5 12. Qc2 Qc7 13. Rac1 b6 14. Rfd1 Ba6 15. b3 Rad8 16. Qb1 Bb7 17. Rd2 Nb8 18. Rcd1 Nfd7 19. d5 Nc5 20. dxc6 Bxc6 21. Nd5 Bxd5 22. Rxd5 Nc6 23. Ne1 Re7 24. Nc2 Red7 25. Na3 Nb4 26. Nb5 Qc6 27. R5d2 f6 28. Nc3 Bf8 29. h4 Kf7 30. f4 Rb7 31. fxe5 fxe5 32. Rf2+ Kg8 33. Bh3 Bg7 34. Rdf1 Rf8 35. Qd1 Rxf2 36. Rxf2 Rf7 37. Rxf7 Kxf7 38. Qf3+ Kg8 39. Nd5 Nxd5 40. exd5 Qe8 41. Bg5 h6 42. Bd2 e4 43. Qe3 Qe5 44. Qf4 Qd4+ 45. Kg2 Nxb3 46. Be6+ Kh7 47. Qf7 Qxd2+ 48. Kh3 h5 49. g4 Qe3+ 50. Kh2 Qe2+ 51. Kg3 Qf3+ 52. Qxf3 exf3 53. Kxf3 Nc5 54. gxh5 gxh5 55. Bf7 Kh6 56. Be8 Bf6 57. Kg3 Nd3 58. Bb5 Be5+ 59. Kf3 Nf4 60. Bd7 Ng6 61. Ke4 Nxh4 62. Bh3 Kg5 63. Bd7 Ng6 64. Kf3 h4 65. Bc8 Nf4 66. Bg4 Nd3 67. Bd7 Nc5 68. Bc6 h3 69. Bb5 h2 70. Kg2 Kf5 71. Be8 Ke4 0-1

[Event "London e2e4 Diamond Jubilee op-B"]
[Site "London"]
[Date "2012.06.05"]
[Round "6"]
[White "Steele, Beatrice"]
[Black "Papier, Alan"]
[Result "0-1"]
[WhiteElo "1542"]
[BlackElo "1717"]
[PlyCount "112"]
[EventDate "2012.06.02"]
[EventType "swiss"]
[EventRounds "7"]
[EventCountry "ENG"]
[SourceTitle "EXT 2014"]
[Source "ChessBase"]
[SourceDate "2013.11.20"]
[SourceVersion "1"]
[SourceVersionDate "2013.11.20"]
[SourceQuality "1"]

1. d4 Nf6 2. Nf3 g6 3. Nc3 d5 4. Bf4 Bg7 5. Qd2 Ne4 6. Nxe4 dxe4 7. Ne5 c5 8. c3 Nc6 9. e3 Nxe5 10. Bxe5 Bxe5 11. dxe5 Qxd2+ 12. Kxd2 0-0 13. Kc2 f5 14. exf6 Rxf6 15. Bc4+ Kg7 16. Rhf1 Bd7 17. Rad1 Bc6 18. Rd2 Rd6 19. Rfd1 Rad8 20. Rxd6 exd6 21. Bd5 Kf6 22. c4 Ke5 23. f3 exf3 24. gxf3 g5 25. Rg1 h6 26. e4 Rf8 27. Rg3 Kf4 28. Kd2 Bxd5 29. cxd5 b5 30. b3 h5 31. Kd3 Rg8 32. Ke2 g4 33. Kf2 h4 34. Rg1 Rg5 35. fxg4 Kxe4 36. h3 Kxd5 37. Rd1+ Ke5 38. Re1+ Kf6 39. Kf3 Re5 40. Rxe5 Kxe5 41. Ke3 d5 42. Kd3 Kf4 43. Kc3 a5 44. a4 b4+ 45. Kd3 Ke5 46. Ke3 c4 47. bxc4 dxc4 48. Kd2 Kd4 49. Kc2 b3+ 50. Kb1 c3 51. Kc1 Kd3 52. g5 b2+ 53. Kb1 Kd2 54. g6 c2+ 55. Kxb2 c1Q+ 56. Ka2 Kc2 0-1

[Event "Brighton e2e4 Major-B"]
[Site "Brighton"]
[Date "2012.02.18"]
[Round "7"]
[White "Parry, Jacques"]
[Black "Papier, Alan"]
[Result "1-0"]
[WhiteElo "1774"]
[BlackElo "1777"]
[PlyCount "117"]
[EventDate "2012.02.15"]
[EventType "swiss"]
[EventRounds "9"]
[EventCountry "ENG"]
[SourceTitle "EXT 2014"]
[Source "ChessBase"]
[SourceDate "2013.11.20"]
[SourceVersion "1"]
[SourceVersionDate "2013.11.20"]
[SourceQuality "1"]

1. e4 c5 2. c3 g6 3. d4 cxd4 4. cxd4 d5 5. e5 Nc6 6. h3 Nh6 7. Nf3 Bg7 8. Be3 0-0 9. Be2 f6 10. 0-0 fxe5 11. Nxe5 Nxe5 12. dxe5 Nf7 13. f4 b6 14. Nc3 e6 15. Nb5 Bb7 16. Rc1 Nxe5 17. fxe5 Bxe5 18. Rxf8+ Qxf8 19. Nc7 Rc8 20. Nxe6 Qf6 21. Rxc8+ Bxc8 22. Nd4 Bb7 23. Qa4 Qe7 24. Nc6 Bh2+ 25. Kxh2 Qxe3 26. Nd4 Qf4+ 27. g3 Qf2+ 28. Kh1 Qe3 29. Kg2 Bc8 30. Qd1 Kg7 31. Bg4 Qe4+ 32. Bf3 Qe5 33. Qd2 Qd6 34. Qc3 Qe5 35. Ne2 Qxc3 36. bxc3 Kf6 37. Bxd5 Ke5 38. Bf3 Be6 39. a3 Kd6 40. Nd4 Bd7 41. h4 Kc5 42. Be2 b5 43. Kf2 a5 44. Ke3 Be8 45. Kd2 Bd7 46. Kc1 Be8 47. Kb2 Bd7 48. Kb3 Be8 49. Ne6+ Kd6 50. Nf8 h6 51. Bd3 g5 52. hxg5 hxg5 53. Nh7 g4 54. Nf6 Bf7+ 55. Kb2 Kc5 56. Ne4+ Kb6 57. Bxb5 Bd5 58. Bd3 Kc7 59. Nf6 1-0

[Event "Krakow op-C 22nd"]
[Site "Krakow"]
[Date "2011.12.31"]
[Round "5"]
[White "Wasik, Roman"]
[Black "Papier, Alan"]
[Result "1-0"]
[WhiteElo "1633"]
[BlackElo "1777"]
[PlyCount "37"]
[EventDate "2011.12.27"]
[EventType "swiss"]
[EventRounds "9"]
[EventCountry "POL"]
[SourceTitle "CBM 146 Extra"]
[Source "ChessBase"]
[SourceDate "2012.02.29"]
[SourceVersion "1"]
[SourceVersionDate "2012.02.29"]
[SourceQuality "1"]

1. Nf3 Nf6 2. c4 g6 3. d4 Bg7 4. Nc3 d5 5. cxd5 Nxd5 6. e4 Nxc3 7. bxc3 c5 8. h3 Nc6 9. Be3 0-0 10. Be2 Qa5 11. Qd2 Rd8 12. Rd1 b6 13. 0-0 e5 14. d5 Ne7 15. c4 Qxd2 16. Rxd2 f5 17. exf5 Bxf5 18. Bg5 Rd7 19. Rfd1 1-0